Building regulations and fire safety procedural guidance (Record no. 101927)

MARC details
000 -LEADER
fixed length control field 00564cam a2200193 4500
008 - FIXED-LENGTH DATA ELEMENTS--GENERAL INFORMATION
fixed length control field 020301n2001 000 0 eng u
020 ## - INTERNATIONAL STANDARD BOOK NUMBER
International Standard Book Number 0117535966
035 ## - SYSTEM CONTROL NUMBER
System control number (Sirsi) u116938
041 ## - LANGUAGE CODE
Language code of text/sound track or separate title eng.
050 ## - LIBRARY OF CONGRESS CALL NUMBER
Classification number 692.21
110 ## - MAIN ENTRY--CORPORATE NAME
Corporate name or jurisdiction name as entry element Department for Environment, Transport and the Regions
9 (RLIN) 4203
245 ## - TITLE STATEMENT
Title Building regulations and fire safety procedural guidance
260 ## - PUBLICATION, DISTRIBUTION, ETC.
Place of publication, distribution, etc. London
Name of publisher, distributor, etc. Stationery Office
Date of publication, distribution, etc. 2001
350 ## - PRICE (NR) (BK AM CF MU VM SE) [OBSOLETE]
Price 6.00
650 ## - SUBJECT ADDED ENTRY--TOPICAL TERM
Topical term or geographic name entry element FIRE PREVENTION
650 ## - SUBJECT ADDED ENTRY--TOPICAL TERM
Topical term or geographic name entry element HEALTH AND SAFETY
9 (RLIN) 6244
650 ## - SUBJECT ADDED ENTRY--TOPICAL TERM
Topical term or geographic name entry element BUILDING REGULATIONS
9 (RLIN) 6224
942 ## - ADDED ENTRY ELEMENTS (KOHA)
Suppress in OPAC 0
Holdings
Withdrawn status Lost status Source of classification or shelving scheme Damaged status Not for loan Home library Current library Shelving location Date acquired Cost, normal purchase price Total Checkouts Full call number Barcode Date last seen Copy number Cost, replacement price Price effective from Koha item type
    Dewey Decimal Classification     London London Basement 19/04/2002 5.10   BASEMENT 30065666 06/08/2019 1 5.10 06/08/2019 Reference material